Versions françaises des prénoms - Statistiques

Statistiques générales
  • Ce quiz a été pris 152 fois
  • Le résultat moyen est 7 sur 20
Statistiques - réponses
Prénom Langue Version française % Correct
Heinrich Allemand Henri
89%
Peter Anglais Pierre
72%
Antton Basque Antoine
67%
Franciszka Polonais Françoise
67%
Páll Islandais Paul
66%
Jurgen Néerlandais Georges
42%
Guglielmo Italien Guillaume
40%
Yousef Arabe Joseph
39%
Dionysios Grec Denis
36%
Aloíso Portugais Louis
30%
Esteban Espagnol Étienne
28%
Zuzanka Tchèque Suzanne
23%
İskender Turc Alexandre
22%
Yevgeni Russe Eugène
17%
Evan Gallois Jean
14%
Hawwāh Hébreu Ève
6%
Sahak Arménien Isaac
4%
Séamus Irlandais Jacques
3%
Ekewaka Hawaïen Édouard
0%
Dzsenifer Hongrois Guenièvre
0%
Aucun quiz correspondant
Distribution des résultats
% des personnes avec chaque résultat
Percentile par nombre de réponses
Votre historique - résultats
Vous n’avez pas pris ce quiz